00854nam a2200229Ia 4500008004100000020002200041040001800063041000800081060001300089100001700102245016700119250001100286260006800297300003600365504005300401650001700454650002200471650003200493650001700525700003400542765004800576130821s2009 ag a gr spa  a978 950 06 1880 9 aCo-BoUCMbspa00aspa aWL 103.51 aGrieve, June10aNeuropsicología para terapeutas ocupacionales cognición en el desempeño ocupacionalcJune Grieve, Linda Gnanasekaran; traducción de Marcela Haro Juárez a3a ed. aBuenos Aires (Argentina)bEditorial médica paramericanac2009 ax, 235 páginasbilustraciones aIncluye referencias bibliográficas e índice. aNeurología aNeuropsicología aPruebas neuropsicológicas aPsicología1 aHaro Juárez, Marcelaetrad. 0tNeuropsychology for occupational therapists